Online Catalogue and eLibrary

Sri Lankawe sreshta veerawareyo (Record no. 1837)

MARC details
000 -LEADER
fixed length control field 00415nam a2200157Ia 4500
005 - DATE AND TIME OF LATEST TRANSACTION
control field 20250617022602.0
008 - FIXED-LENGTH DATA ELEMENTS--GENERAL INFORMATION
fixed length control field 240331s9999 xx 000 0 und d
020 ## - INTERNATIONAL STANDARD BOOK NUMBER
ISBN 955958703X
082 ## - DDC Classification
Item Number - Author Mark KAV
Class No. 305
100 ## - MAIN ENTRY--PERSONAL NAME
Personal name Kavikumara, P
245 #0 - TITLE STATEMENT
Title Sri Lankawe sreshta veerawareyo
260 ## - PUBLICATION, DISTRIBUTION, ETC.
Place of publication, distribution, etc. Kirindiwela
Name of publisher, distributor, etc. Sinha Publishers
Date of publication, distribution, etc. 1998
300 ## - PHYSICAL DESCRIPTION
Extent (e.g. Volumes, Pages etc.) 131 p .,
500 ## - GENERAL NOTE
General note A book of Sri Lanka's Great Heroines
942 ## - Koha item type (Biblio)
Koha item type Books in Stacks (Lending)
Holdings
Lost status Damaged status Collection code Home library Current library Shelving location Date acquired Full call number Accession Number Item type
    Lending WERC Library WERC Library Social Science Cupboard 03/31/2024 305.409 KAV 4608 Books in Stacks (Lending)

© WERC Library